[Event "Challenge"]
[Site "http://www.queenalice.com/game.php?id=403208"]
[Date "2008.5.15"]
[Round "-"]
[White "euller"]
[Black "Aekchor_eb"]
[Result "1-0"]
[WhiteElo "995"]
[BlackElo "1645"]

1. e4 e5 2. Nf3 Bd6 3. g4 Bb4 4. Nxe5 d6 5. Nd3 Ba5 6. b4 Bb6 7. Qf3 Qd7 8. Bb2
Nf6 9. g5 Ng4 10. h3 h5 11. Bxg7 Rh7 12. Nc3 Rxg7 13. Nf4 Rh7 14. hxg4 hxg4 15.
Qg2 Rg7 16. Na4 Qxa4 17. Nd5 Bd4 18. Rh8+ Kd7 19. Qxg4+ f5 20. Qxf5+ Kc6 21.
Rxc8 a6 22. c3 Be5 23. Qf8 Nd7 24. Rxc7# 1-0

[Event "Challenge"]
[Site "http://www.queenalice.com/game.php?id=404217"]
[Date "2008.5.17"]
[Round "-"]
[White "euller"]
[Black "b3nedtiojr"]
[Result "0-1"]
[WhiteElo "995"]
[BlackElo "1225"]

1. e4 e5 2. d3 d6 3. c4 Nf6 4. Bg5 Be7 5. Nf3 O-O 6. Na3 Bg4 7. h3 h6 8. hxg4
hxg5 9. Nxg5 Nxg4 10. Rh5 g6 11. Rh4 Nf6 12. Rh6 Nc6 13. f3 a5 14. Qb3 b6 15.
Rxg6+ Kh8 16. Qc2 fxg6 17. Qf2 Nd4 18. Qh4+ Kg8 19. Qh7+ Nxh7 20. Ne6 Nxe6 21.
g3 Rxf3 22. Bh3 Neg5 23. Bg2 Rxg3 24. Bh1 Qf8 25. Rd1 Rg1+ 26. Kd2 Qf2+ 27. Kc1
Qe3+ 28. Kc2 Qe2+ 29. Rd2 Qe1 30. Kc3 Qc1+ 31. Rc2 Qa1 32. Rg2 Rxh1 33. Nb5 Qc1+
34. Kb3 d5 35. exd5 a4# 0-1

[Event "1º Só na Manha"]
[Site "http://www.queenalice.com/game.php?id=409162"]
[Date "2008.5.27"]
[Round "1"]
[White "euller"]
[Black "Mutreta"]
[Result "0-1"]
[WhiteElo "1084"]
[BlackElo "1748"]

1. e4 e5 2. Nf3 Nc6 3. c4 Bc5 4. Qa4 Nf6 5. Nc3 a6 6. g3 Nd4 7. Nxe5 O-O 8. Bg2
d6 9. Nd3 Bd7 10. Qd1 b5 11. Nxc5 dxc5 12. d3 b4 13. Na4 Qe8 14. Nxc5 a5 15. f3
a4 16. Be3 Ne6 17. Nxd7 Qxd7 18. e5 Ne8 19. Bh3 Rd8 20. d4 c6 21. d5 cxd5 22.
cxd5 Qxd5 23. b3 Qxd1+ 24. Rxd1 Rxd1+ 25. Kxd1 axb3 26. axb3 N8c7 27. f4 Rd8+
28. Ke2 Nd5 29. Rd1 Nc3+ 30. Kf2 Nxd1+ 31. Kf3 Nxe3 32. Kxe3 Nc5 33. f5 Rd3+ 34.
Ke2 Rxb3 35. e6 Kf8 36. Bg2 Rd3 37. Bh3 Rd8 38. Bg4 b3 39. Bh5 fxe6 40. fxe6
Nxe6 41. g4 b2 42. Ke3 b1=Q 43. Kf3 Qb3+ 44. Ke4 g6 45. Ke5 Ng7 46. Bxg6 hxg6
47. Kf6 Qh3 48. g5 Qf5# 0-1

[Event "AUTO-BEG-222"]
[Site "http://www.queenalice.com/game.php?id=413217"]
[Date "2008.6.5"]
[Round "1"]
[White "drowzee1872"]
[Black "euller"]
[Result "1-0"]
[WhiteElo "1451"]
[BlackElo "1084"]

1. e4 e5 2. Nf3 Nf6 3. Nc3 a6 4. a3 Nc6 5. Bc4 Na5 6. Ba2 d6 7. b4 Nc6 8. d3 b5
9. O-O a5 10. Nxb5 Ba6 11. Nc3 axb4 12. Nd5 bxa3 13. Bxa3 Nd4 14. Nxd4 Rc8 15.
Nc6 Qd7 16. Ncb4 c6 17. Nb6 Qc7 18. Nxc8 Qxc8 19. c3 h5 20. Qb3 c5 21. Qxf7+ Kd8
22. Be6 Qb7 23. Nc6+ Qxc6 24. Rfb1 Bxd3 25. Rb8+ Qc8 26. Rxc8# 1-0

[Event "AUTO-BEG-222"]
[Site "http://www.queenalice.com/game.php?id=413218"]
[Date "2008.6.5"]
[Round "1"]
[White "euller"]
[Black "drowzee1872"]
[Result "1-0"]
[WhiteElo "1212"]
[BlackElo "1583"]

1. e4 e5 2. d4 Qf6 3. dxe5 Qxe5 4. Nd2 Bc5 5. Ngf3 Qe6 6. Bc4 Qb6 7. Qe2 Nf6 8.
Nb3 Ng4 9. e5 Nc6 10. Ng5 Bxf2+ 11. Kd2 Nd4 12. Nxd4 Qxd4+ 13. Bd3 Nxe5 14. Nf3
d6 15. Nxd4 Bxd4 16. Bb5+ c6 17. Ba4 Bg4 18. Qe4 Bc5 19. h3 Be6 20. Bb3 Bxb3 21.
cxb3 O-O 22. Kd1 f5 23. Qh4 Rae8 24. b4 Bb6 25. a4 Nd3 26. Bd2 Nf2+ 27. Kc2 Nxh1
28. Rxh1 Re4 29. Qg3 f4 30. Qh4 Bd8 31. Qh5 Re5 32. Qg4 Re4 33. Kd3 d5 34. Bc3
g6 35. Re1 Rc4 36. Qe6+ Rf7 37. Qe8+ Rf8 38. Qe6+ Rf7 39. b3 Re4 40. Rxe4 dxe4+
41. Kxe4 g5 42. Bd4 a6 43. Qe8+ Rf8 44. Qd7 Bf6 45. Bxf6 Rxf6 46. Ke5 Rf7 47.
Qe6 Kf8 48. Qc8+ Kg7 49. Ke6 Rf6+ 50. Ke7 Rf7+ 51. Ke6 h5 52. Qe8 Rf6+ 53. Ke7
h4 54. a5 f3 55. gxf3 Rxf3 56. Qh5 Re3+ 57. Kd7 Kf6 58. Qh6+ Kf5 59. Qf8+ Ke4
60. Qe7+ Kd3 61. Qxg5 Kc3 62. Qxe3+ 1-0

[Event "AUTO-BEG-222"]
[Site "http://www.queenalice.com/game.php?id=413233"]
[Date "2008.6.5"]
[Round "1"]
[White "FranzMeM"]
[Black "euller"]
[Result "0-1"]
[WhiteElo "1292"]
[BlackElo "1121"]

1. d4 d5 2. Nc3 Nc6 3. Nf3 Nxd4 4. Nxd4 e5 5. Nf3 d4 6. Nxd4 exd4 7. Nb5 c5 8.
e4 a6 9. Na3 Nf6 10. e5 Ne4 11. Bb5+ axb5 12. O-O Qd5 13. Nxb5 Qxe5 14. Nxd4
Qxd4 15. Qxd4 cxd4 16. Re1 f5 17. a4 Bb4 18. Re2 Rf8 19. f3 Kd8 20. fxe4 Bd7 21.
e5 Ra5 22. e6 Ra6 23. Bg5+ Kc7 24. exd7 Kxd7 25. Rd1 Rxa4 26. Rxd4+ Kc8 27. c3
Ra1+ 28. Kf2 h6 29. Rc4+ Kb8 30. cxb4 hxg5 31. g3 Rh8 32. Kf3 Rf1+ 33. Kg2 Rd1
34. b5 Ra1 35. Re7 Rd1 36. Rcc7 Rd2+ 37. Kf3 Rdxh2 38. Rxb7+ Ka8 39. Ra7+ Kb8
40. b6 Rxb2 41. b7 Kxa7 42. Rxg7 Rxb7 43. Rxg5 Rb5 44. g4 Ka6 45. Rxf5 Rh3+ 46.
Kf4 Rd3 47. Rf6+ Ka5 48. g5 Rd4+ 49. Ke3 Rbd5 50. g6 Rg4 51. Kf3 Rdg5 52. Rf4
Rxf4+ 53. Kxf4 Rxg6 54. Kf5 Rg8 55. Ke4 Kb4 56. Ke5 Kc5 57. Kf6 Rg2 58. Ke6 Re2+
59. Kf5 Kd5 60. Kf4 Re4+ 61. Kf5 Kd4 62. Kf6 Re5 63. Kf7 Kd5 64. Kf6 Kd6 65. Kg6
Ke6 66. Kh6 Kf6 67. Kh7 Kf7 68. Kh6 Rf5 69. Kh7 Rh5# 0-1

[Event "AUTO-BEG-222"]
[Site "http://www.queenalice.com/game.php?id=413234"]
[Date "2008.6.5"]
[Round "1"]
[White "euller"]
[Black "FranzMeM"]
[Result "1-0"]
[WhiteElo "961"]
[BlackElo "1300"]

1. d4 d5 2. e3 Nc6 3. Nc3 Nf6 4. a4 a5 5. h3 e6 6. Nf3 Bb4 7. Bd2 Ne4 8. Qe2 O-O
9. Ra3 Qd6 10. Nxe4 dxe4 11. Nh4 Bxa3 12. bxa3 Qxa3 13. Kd1 Qa1+ 14. Bc1 Rd8 15.
g4 Nxd4 16. Qc4 Nf3+ 17. Bd3 exd3 18. cxd3 Nxh4 19. Qxc7 Rxd3+ 20. Ke2 Qa2+ 21.
Kxd3 Qd5+ 22. Ke2 Qf3+ 23. Kf1 Qxh1+ 24. Ke2 Qxh3 25. Qd8# 1-0

[Event "AUTO-BEG-222"]
[Site "http://www.queenalice.com/game.php?id=413245"]
[Date "2008.6.5"]
[Round "1"]
[White "euller"]
[Black "PedroIvo"]
[Result "0-1"]
[WhiteElo "1130"]
[BlackElo "1049"]

1. d4 d5 2. e3 e6 3. Nc3 c5 4. dxc5 Bxc5 5. Bb5+ Bd7 6. a4 f6 7. Qh5+ g6 8. Qh3
g5 9. Rb1 e5 10. Nxd5 Bxb5 11. Nc3 Bc4 12. b3 Bf7 13. e4 Nc6 14. g3 Qd6 15. Nb5
Bb4+ 16. Kf1 Qd1+ 17. Kg2 g4 18. Qh4 f5 19. Qg5 h6 20. Qg7 Qxc2 21. Ra1 Bc5 22.
Qxh8 Qxf2# 0-1

[Event "AUTO-BEG-222"]
[Site "http://www.queenalice.com/game.php?id=413246"]
[Date "2008.6.5"]
[Round "1"]
[White "PedroIvo"]
[Black "euller"]
[Result "1/2-1/2"]
[WhiteElo "1417"]
[BlackElo "1278"]

1. e4 e5 2. d4 d5 3. dxe5 dxe4 4. Qxd8+ Kxd8 5. Nc3 Nc6 6. Bf4 Bb4 7. Bd2 Nd4 8.
Rc1 Nc6 9. Nxe4 Bf5 10. Bd3 a5 11. Ne2 Nxe5 12. Bxb4 axb4 13. Nd4 c6 14. Nxf5
Nh6 15. Nxg7 Rg8 16. Nh5 Rxg2 17. Rd1 Kc7 18. Bf1 Rg4 19. Bh3 Nf3+ 20. Ke2 Ne5
21. Bxg4 Nhxg4 22. f3 Nh6 23. Rd2 Rxa2 24. b3 f5 25. f4 Nhg4 26. fxe5 fxe4 27.
Rhd1 Nxe5 28. Nf6 h6 29. Rd4 Rxc2+ 30. Kf1 e3 31. Re1 Nf3 32. Rxe3 Nxd4 33. h3
Rb2 34. h4 Nxb3 35. h5 Nd2+ 36. Ke1 b3 37. Re7+ Kb6 38. Nd7+ Ka6 39. Re6 Nf3+
40. Kd1 Rd2+ 41. Kc1 Rxd7 42. Rxh6 Rd5 43. Rf6 Nh4 44. h6 Rd7 45. Rf4 Ng6 46.
Rg4 Rd6 47. Kb2 Ne5 48. h7 Rd8 49. Rg8 Rd2+ 50. Kxb3 Rh2 51. h8=Q Rxh8 52. Rxh8
Nf3 53. Kb4 Kb6 54. Rh5 Nd4 55. Kc4 Ne2 56. Kb4 Nf4 57. Rh8 Nd5+ 58. Kc4 Ka5 59.
Rb8 b5+ 60. Kc5 Nb4 61. Rc8 Ka4 62. Rxc6 Nxc6 63. Kxc6 b4 64. Kc5 b3 65. Kc4 b2
66. Kc3 b1=Q 67. Kd2 Kb3 68. Ke2 Qc1 69. Kf3 Qd2 70. Kg3 Kc3 71. Kh3 Qf2 72. Kg4
Kd4 73. Kg5 Ke5 74. Kg6 Qf5+ 75. Kh6 Kf6 1/2-1/2

[Event "1º Só na Manha"]
[Site "http://www.queenalice.com/game.php?id=424876"]
[Date "2008.6.29"]
[Round "2"]
[White "euller"]
[Black "b3nedtiojr"]
[Result "0-1"]
[WhiteElo "1188"]
[BlackElo "1352"]

1. e4 e5 2. Nf3 Nf6 3. d3 d6 4. Nc3 Ng4 5. h3 Nh6 6. Bxh6 gxh6 7. h4 Bg4 8. Nd5
Nd7 9. c3 c6 10. Ne3 h5 11. Be2 Qf6 12. a4 Qf4 13. g3 Qh6 14. Qb3 O-O-O 15. Nxg4
hxg4 16. Ng5 Re8 17. Nxf7 Qf6 18. Ng5 Bg7 19. Bxg4 Rhf8 20. O-O h6 21. Nh7 Qf7
22. c4 Kb8 23. Nxf8 Rxf8 24. Ra3 Nc5 25. Qc2 h5 26. Bh3 Qg6 27. b3 Bf6 28. b4
Bxh4 29. Kh2 Bxg3+ 30. fxg3 Rxf1 31. Kg2 Qf6 32. bxc5 Qf3+ 33. Kh2 Qh1# 0-1

[Event "Challenge"]
[Site "http://www.queenalice.com/game.php?id=427280"]
[Date "2008.7.4"]
[Round "-"]
[White "euller"]
[Black "Gansothedark"]
[Result "0-1"]
[WhiteElo "1264"]
[BlackElo "1392"]

1. e4 d5 2. d3 d4 3. g3 e5 4. Nf3 Bc5 5. Nxe5 Nf6 6. a3 Nc6 7. Nxc6 Bg4 8. f3
Qb8 9. Nxb8 Rxb8 10. fxg4 O-O 11. g5 Nd7 12. Nd2 Rbe8 13. Bh3 Re7 14. Nb3 Bd6
15. Nxd4 Be5 16. c3 c5 17. Nf3 Bd6 18. d4 Rxe4+ 19. Kf2 Ne5 20. dxe5 Bxe5 21.
Nxe5 Rxe5 22. Qd6 Rfe8 23. Bf4 Re2+ 24. Kf3 Rxb2 25. Qd7 Rf8 26. Bd6 g6 27. Bxf8
Kxf8 28. Rhe1 Rc2 29. Re7 Rxc3+ 30. Kf4 Rc4+ 31. Kf3 Rc3+ 32. Re3 Rc2 33. Re8+
Kg7 0-1

[Event "Challenge"]
[Site "http://www.queenalice.com/game.php?id=443846"]
[Date "2008.8.5"]
[Round "-"]
[White "euller"]
[Black "drowzee1872"]
[Result "0-1"]
[WhiteElo "1284"]
[BlackElo "1709"]

1. c3 d5 2. d3 c5 3. h3 Nc6 4. b3 e5 5. b4 cxb4 6. cxb4 Bxb4+ 7. Bd2 Bxd2+ 8.
Qxd2 Nge7 9. Nf3 Ng6 10. g3 Qa5 11. Nc3 O-O 12. a3 d4 13. Nb1 Qxd2+ 14. Nbxd2 b5
15. Rc1 Bb7 16. Rc5 a6 17. h4 h5 18. Bh3 Bc8 19. Rxc6 Bxh3 20. Rxh3 Rac8 21.
Rxc8 Rxc8 22. Kf1 Rc3 23. Ne1 Rxa3 24. Kg2 Ra2 25. Nef3 f6 26. Rh1 a5 27. Rc1 b4
28. Rc8+ Kh7 29. Kh3 a4 30. g4 Nf4+ 31. Kg3 Nxe2+ 32. Kg2 hxg4 33. Nh2 Rxd2 34.
Kf1 Nf4 35. Nxg4 Rd1# 0-1

[Event "Challenge"]
[Site "http://www.queenalice.com/game.php?id=448178"]
[Date "2008.8.13"]
[Round "-"]
[White "euller"]
[Black "PedroIvo"]
[Result "0-1"]
[WhiteElo "1243"]
[BlackElo "1482"]

1. e4 e5 2. d3 d6 3. Ne2 Nf6 4. c4 Nc6 5. a4 Bg4 6. f3 Be6 7. f4 exf4 8. Nxf4 g5
9. Ne2 Qe7 10. Nf4 gxf4 11. Bxf4 d5 12. exd5 Bxd5+ 13. Be2 Nd4 14. cxd5 Nxd5 15.
Bd2 Rg8 16. Rg1 O-O-O 17. Nc3 Qh4+ 18. g3 Qxh2 19. Rf1 Qxg3+ 20. Rf2 Be7 21. Ne4
Qg6 0-1